| Tag |
First Indicator |
Second Indicator |
Subfields |
| LEADER |
00000cam a2200000 4500 |
| 001 |
in00000068722 |
| 005 |
20151008050259.0 |
| 008 |
740911s1952 enk b 00000 eng u |
| 010 |
|
|
|a 52007973
|
| 035 |
|
|
|a (OCoLC)01004822
|
| 035 |
|
|
|9 AAG0265AM
|
| 040 |
|
|
|c SJD
|d TXA
|d UtOrBLW
|
| 049 |
|
|
|a TXAM
|c [400263]
|
| 050 |
0 |
0 |
|a HT113
|b .G6 1952a
|
| 082 |
0 |
|
|a 323.352
|a 301.36*
|
| 092 |
|
|
|a 323.352
|b G618
|
| 245 |
0 |
0 |
|a Golden ages of the great cities /
|c The authors: Sir Maurice Bowra [and others] With an introd. by Sir Ernest Barker.
|
| 264 |
|
1 |
|a London,
|a New York :
|b Thames and Hudson,
|c [1952]
|
| 300 |
|
|
|a xx, 340 pages :
|b plates, portraits ;
|c 22 cm.
|
| 336 |
|
|
|a text
|b txt
|2 rdacontent
|
| 337 |
|
|
|a unmediated
|b n
|2 rdamedia
|
| 338 |
|
|
|a volume
|b nc
|2 rdacarrier
|
| 504 |
|
|
|a Bibliography: pages 323-325.
|
| 650 |
|
0 |
|a Cities and towns
|x History.
|
| 700 |
1 |
|
|a Bowra, C. M.
|q (Cecil Maurice),
|d 1898-1971.
|
| 999 |
|
|
|a MARS
|
| 999 |
f |
f |
|s 23dd982e-3ae3-33c4-80b1-6b295df7e157
|i 9c041035-3740-3b23-8699-76aa54aee837
|t 0
|
| 952 |
f |
f |
|p ric
|a Texas A&M University
|b Rellis Campus
|c Joint Library Facility
|d Remote Storage
|t 0
|e HT113 .G6 1952a
|h Library of Congress classification
|i unmediated -- volume
|m A14800664966
|
| 998 |
f |
f |
|a HT113 .G6 1952a
|t 0
|l Remote Storage
|